000 00753nam a2200253Ia 4500
003 OSt
005 20220918170317.0
006 a|||||r|||| 00| 0
007 ta
008 220917b |||||||| |||| 00| 0 eng d
020 _a9780195691573 (hbk)
_c395
024 _a233,450
037 _b427, 19/03/2008, Swaraj Prakashan
_cTextual
040 _aARTS
_cARTS
_beng
041 _2eng
_aeng
082 _aW6.2, P7
100 _aJayal Niraja Gopal Ed.
245 0 _aDemocracy in India
260 _aNew Delhi
_bOUP India
_c2007
300 _axxvi,571p.
_ccm.
650 _aPOLITICAL SCIENCE; DEMOCRACY
_915468
942 _hW6.2, P7
_cTEXL
_2CC
999 _c133591
_d133591